000 00382cam a2200145ua 4500
041 _aeng
_h
082 _a923.2
_bMAN/CA
100 _aMankekar, R .
245 _aLal Bahadur Shastri: A political biography /
_cR Mankekar.
_hTextual Documents
260 _aNew Delhi :
_bLalvani Publishing House ,
_c1956.
300 _a191 ; .
504 _a
942 _cBK
999 _c4417
_d4417